[Event "TUR Cup"]
[Site "Antalya"]
[Date "2019.01.31"]
[Round "7"]
[White "Zekeriyaoglu, Ersen"]
[Black "Sakalli, Mustafa"]
[Result "1-0"]
[WhiteElo "1759"]
[BlackElo "1955"]
[PlyCount "221"]
[EventDate "2019.01.27"]
[EventType "swiss"]
[EventRounds "11"]
[EventCountry "TUR"]
[SourceTitle "CBM 188 Extra"]
[Source "ChessBase"]
[SourceDate "2019.02.26"]
[SourceVersion "1"]
[SourceVersionDate "2019.02.26"]
[SourceQuality "1"]

1. Nf3 d5 2. d4 c6 3. c4 Nf6 4. Nc3 g6 5. Bg5 dxc4 6. e3 Be6 7. Be2 Nbd7 8. a4 a5 9. 0-0 Bg7 10. e4 h6 11. d5 cxd5 12. exd5 Nxd5 13. Nxd5 hxg5 14. Bxc4 g4 15. Ng5 Ne5 16. Nxe6 fxe6 17. Bb5+ Kf7 18. Ne3 Qc7 19. f4 gxf3 20. gxf3 Rxh2 21. f4 Rxb2 22. fxe5+ Kg8 23. Nc4 Qc5+ 24. Kh1 Rxb5 25. axb5 Qxc4 26. Ra4 Qxb5 27. Rd4 Qc6+ 28. Kg1 Qb6 29. Kg2 Bxe5 30. Rg4 Qc6+ 31. Kh3 Bg7 32. Rxg6 Qc3+ 33. Rf3 Qe5 34. Rfg3 Kf7 35. Rxg7+ Qxg7 36. Qh5+ Kg8 37. Rxg7+ Kxg7 38. Qg4+ Kf7 39. Qf3+ Ke8 40. Qxb7 Rd8 41. Qb5+ Kf7 42. Qxa5 Rd5 43. Qc3 Rf5 44. Kg4 Rd5 45. Qh8 Rf5 46. Qh7+ Kf8 47. Qg6 Rf6 48. Qe4 Kf7 49. Kg5 Ke8 50. Qc6+ Kf8 51. Qc8+ Kf7 52. Qd8 Rg6+ 53. Kf4 Rf6+ 54. Ke5 Rf5+ 55. Ke4 Rd5 56. Qh8 Rf5 57. Qh7+ Kf8 58. Kd4 Rd5+ 59. Kc4 Rf5 60. Qg6 Rf6 61. Qe4 Kf7 62. Kc5 Rf5+ 63. Kc6 Rd5 64. Qh7+ Kf6 65. Qg8 Kf5 66. Qf7+ Ke5 67. Qxe7 Kf5 68. Qf7+ Ke5 69. Qf3 Rd6+ 70. Kc7 Rd5 71. Qe3+ Kf5 72. Kc6 Kf6 73. Qf4+ Ke7 74. Qh6 Rd6+ 75. Kc5 Rd5+ 76. Kc4 Rf5 77. Qg7+ Kd6 78. Kd4 Rd5+ 79. Ke4 Rf5 80. Qa7 Rd5 81. Qb6+ Kd7 82. Qb7+ Kd6 83. Qc8 Ke7 84. Ke3 Rf5 85. Qc7+ Kf6 86. Ke4 Rd5 87. Qh7 Re5+ 88. Kd4 Rd5+ 89. Kc4 Rf5 90. Qh6+ Kf7 91. Kd4 Rd5+ 92. Ke4 Rf5 93. Qh7+ Kf6 94. Qh8+ Kf7 95. Qd8 Rd5 96. Qc7+ Kf6 97. Qf4+ Rf5 98. Qd6 Kf7 99. Qg3 Rd5 100. Qb8 Rf5 101. Qc7+ Kf6 102. Qd6 Kf7 103. Qd7+ Kf6 104. Ke3 Rd5 105. Qe8 Re5+ 106. Kd4 Rd5+ 107. Kc4 Ke5 108. Qe7 Kf5 109. Qg7 Re5 110. Qf7+ Ke4 111. Qf6 1-0

[Event "TUR Cup"]
[Site "Antalya"]
[Date "2019.01.28"]
[Round "2"]
[White "Sakalli, Mustafa"]
[Black "Camdereli, Gunduz"]
[Result "1/2-1/2"]
[WhiteElo "1955"]
[BlackElo "1724"]
[PlyCount "80"]
[EventDate "2019.01.27"]
[EventType "swiss"]
[EventRounds "11"]
[EventCountry "TUR"]
[SourceTitle "CBM 188 Extra"]
[Source "ChessBase"]
[SourceDate "2019.02.26"]
[SourceVersion "1"]
[SourceVersionDate "2019.02.26"]
[SourceQuality "1"]

1. d4 d5 2. g3 Bf5 3. Bg2 e6 4. Nf3 h6 5. c4 c6 6. 0-0 Nf6 7. Nc3 Be7 8. a3 0-0 9. b4 Ne4 10. Bb2 Nxc3 11. Bxc3 Be4 12. Nd2 Bxg2 13. Kxg2 f5 14. Qb3 a6 15. a4 Nd7 16. b5 Rb8 17. Nf3 Bd6 18. Rab1 Nf6 19. c5 Be7 20. Ne5 Nd7 21. Nxd7 Qxd7 22. bxa6 bxa6 23. Qxb8 Rxb8 24. Rxb8+ Kf7 25. Rfb1 e5 26. e3 f4 27. dxe5 fxe3 28. fxe3 Qg4 29. Rf1+ Ke6 30. Bd4 Qe4+ 31. Kg1 Bg5 32. Rb3 h5 33. h4 Qg4 34. Kf2 Bd8 35. Rb8 Be7 36. Rb6 g5 37. Rxc6+ Kd7 38. Rd6+ Bxd6 39. exd6 gxh4 40. gxh4 Qf5+ 1/2-1/2

[Event "TUR-chT2"]
[Site "Konya"]
[Date "2011.07.10"]
[Round "9"]
[White "Metin, Mehmet"]
[Black "Sakalli, Mustafa"]
[Result "1-0"]
[WhiteElo "2166"]
[BlackElo "2003"]
[PlyCount "75"]
[EventDate "2011.07.04"]
[EventType "team-swiss"]
[EventRounds "9"]
[EventCountry "TUR"]
[SourceTitle "CBM 143 Extra"]
[Source "ChessBase"]
[SourceDate "2011.08.29"]
[SourceVersion "1"]
[SourceVersionDate "2011.08.29"]
[SourceQuality "1"]
[WhiteTeam "Azdur Ordu"]
[BlackTeam "Taskinkoy KKTC"]
[WhiteTeamCountry "TUR"]
[BlackTeamCountry "TUR"]

1. Nf3 c5 2. c4 b6 3. g3 Bb7 4. Bg2 Nf6 5. 0-0 g6 6. b3 Bg7 7. Bb2 0-0 8. d4 cxd4 9. Nxd4 Bxg2 10. Kxg2 Qc8 11. Nc3 Qb7+ 12. Nf3 Ne4 13. Qc2 Nxc3 14. Bxc3 Bxc3 15. Qxc3 d6 16. h4 Nd7 17. h5 Nf6 18. h6 Rfd8 19. Rad1 Rac8 20. Rd2 b5 21. c5 b4 22. Qd4 Qe4 23. Rc1 Qxd4 24. Rxd4 a5 25. Rdc4 d5 26. R4c2 Ne4 27. Ne5 f6 28. Nd3 e5 29. a3 d4 30. axb4 axb4 31. Nxb4 Nc3 32. c6 Rc7 33. e3 Nd5 34. Nxd5 Rxd5 35. exd4 exd4 36. Rc5 Rxc5 37. Rxc5 d3 38. Kf3 1-0

[Event "TUR-chT2"]
[Site "Konya"]
[Date "2011.07.05"]
[Round "2"]
[White "Sakalli, Mustafa"]
[Black "Firat, Burak"]
[Result "0-1"]
[WhiteElo "2003"]
[BlackElo "2373"]
[PlyCount "55"]
[EventDate "2011.07.04"]
[EventType "team-swiss"]
[EventRounds "9"]
[EventCountry "TUR"]
[SourceTitle "CBM 143 Extra"]
[Source "ChessBase"]
[SourceDate "2011.08.29"]
[SourceVersion "1"]
[SourceVersionDate "2011.08.29"]
[SourceQuality "1"]
[WhiteTeam "Taskinkoy KKTC"]
[BlackTeam "Antalya Calli"]
[WhiteTeamCountry "TUR"]
[BlackTeamCountry "TUR"]

1. Nf3 Nf6 2. g3 d5 3. c4 c6 4. b3 Bf5 5. Bb2 e6 6. Bg2 Be7 7. 0-0 h6 8. d3 0-0 9. Nbd2 Bh7 10. Bxf6 Bxf6 11. d4 Nd7 12. Re1 Be7 13. e4 Bb4 14. Re3 Nf6 15. exd5 exd5 16. a3 Ba5 17. b4 Bc7 18. b5 dxc4 19. bxc6 b5 20. Nb1 Nd5 21. Nc3 Nxe3 22. fxe3 a6 23. Ne5 Qg5 24. Nd5 Bxe5 25. dxe5 Bd3 26. e6 fxe6 27. Nf4 Qe5 28. Qe1 0-1

[Event "TUR-ch"]
[Site "Kemer"]
[Date "2011.02.12"]
[Round "9"]
[White "Sakalli, Mustafa"]
[Black "Bilgin, Murat Evrensel"]
[Result "1-0"]
[WhiteElo "2059"]
[BlackElo "1869"]
[PlyCount "131"]
[EventDate "2011.02.05"]
[EventType "swiss"]
[EventRounds "10"]
[EventCountry "TUR"]
[SourceTitle "CBM 140 Extra"]
[Source "ChessBase"]
[SourceDate "2011.03.01"]
[SourceVersion "1"]
[SourceVersionDate "2011.03.01"]
[SourceQuality "1"]

1. d4 Nf6 2. Bg5 c5 3. Bxf6 gxf6 4. e3 Qb6 5. Nc3 cxd4 6. exd4 Nc6 7. Nf3 e6 8. a3 d5 9. Rb1 Bd7 10. b4 Bg7 11. Na4 Qc7 12. Nc5 b6 13. Nb3 Ne7 14. Ba6 Qc3+ 15. Qd2 Qxd2+ 16. Nfxd2 Rd8 17. 0-0 0-0 18. Rfe1 f5 19. f4 Bc8 20. Bd3 Bb7 21. Nf3 Nc8 22. a4 Nd6 23. b5 f6 24. Rxe6 Ne4 25. Re7 Rf7 26. Rxb7 Rxb7 27. Nh4 Nd6 28. Ra1 Bf8 29. Nxf5 Nxf5 30. Bxf5 Kg7 31. Bd3 Bd6 32. g3 Bb4 33. Kf2 Bc3 34. Rd1 h6 35. Be2 Rc7 36. g4 Kf8 37. Rg1 Bb4 38. Bd3 Bd6 39. Kf3 Rg7 40. a5 Ke7 41. Bf5 Kf7 42. axb6 axb6 43. Re1 Bb4 44. Ra1 Rb8 45. Ra6 Ke7 46. Ra4 Bc3 47. Nc1 Kd6 48. Ne2 Ba5 49. Bd3 Re7 50. Ng3 Re1 51. Nf5+ Kd7 52. Nxh6 Rh8 53. g5 fxg5 54. fxg5 Ke7 55. c4 Rf8+ 56. Nf5+ Rxf5+ 57. Bxf5 dxc4 58. Rxc4 Kd6 59. g6 Re7 60. Rc8 Bd2 61. Be4 Kd7 62. Rb8 Bc3 63. g7 Rf7+ 64. Ke2 Bxd4 65. g8Q Re7 66. Rb7+ 1-0

[Event "TUR-ch"]
[Site "Kemer"]
[Date "2011.02.09"]
[Round "6"]
[White "Kutlu, Turgut Can"]
[Black "Sakalli, Mustafa"]
[Result "0-1"]
[WhiteElo "1662"]
[BlackElo "2059"]
[PlyCount "134"]
[EventDate "2011.02.05"]
[EventType "swiss"]
[EventRounds "10"]
[EventCountry "TUR"]
[SourceTitle "CBM 140 Extra"]
[Source "ChessBase"]
[SourceDate "2011.03.01"]
[SourceVersion "1"]
[SourceVersionDate "2011.03.01"]
[SourceQuality "1"]

1. c4 e5 2. Nc3 f5 3. g3 Nf6 4. Bg2 Nc6 5. d3 g6 6. Nf3 Bg7 7. 0-0 0-0 8. Bg5 h6 9. Be3 d6 10. h3 Be6 11. Kh2 Ne7 12. Qb3 b6 13. Nd2 g5 14. Bxa8 Qxa8 15. f4 exf4 16. gxf4 g4 17. Bf2 Ng6 18. Bg3 Nh5 19. e3 Nxg3 20. Kxg3 Qd8 21. Rh1 Bd4 22. hxg4 Bxe3 23. gxf5 Bxf4+ 24. Kf2 Rxf5 25. Nf3 Bg5 26. Rag1 Qf8 27. Rg3 Ne5 28. Qd1 Rf4 29. Ne4 Bg4 30. Nexg5 hxg5 31. Rxg4 Rxf3+ 32. Kg2 Rf2+ 33. Kg3 Qf3+ 34. Qxf3 Rxf3+ 35. Kg2 Rxd3 36. Rxg5+ Kf7 37. Rf1+ Ke6 38. b3 c6 39. Rf2 a5 40. Rg3 Rd4 41. Re2 a4 42. Rg8 axb3 43. axb3 b5 44. cxb5 cxb5 45. Rg3 Kd7 46. Rc2 Nd3 47. Kf1 Nc5 48. Rh3 Kc6 49. Ke2 Kb6 50. Rcc3 Ka5 51. Ke3 Re4+ 52. Kd2 Kb4 53. Rc1 Nxb3+ 54. Rxb3+ Kxb3 55. Rb1+ Kc4 56. Rc1+ Kd5 57. Rb1 Kc5 58. Kd3 Rd4+ 59. Ke3 b4 60. Rc1+ Rc4 61. Rb1 Rc3+ 62. Kd2 d5 63. Rb2 Rh3 64. Rc2+ Kd4 65. Kc1 Rc3 66. Kb2 Rxc2+ 67. Kxc2 Ke5 0-1